| 000 | 00859nam a2200253 a 4500 | ||
|---|---|---|---|
| 001 | 32026 | ||
| 003 | BD-RjUL | ||
| 005 | 20211209051759.0 | ||
| 008 | 140423s1947 enka 000 0 eng d | ||
| 035 |
_aOCLC ocm16705711 from D951106M _a(BD-RjUL)32115 |
||
| 040 |
_aVUT _cVUT _dMSV _dEQO _dBD-RjUL _beng |
||
| 041 | _aeng | ||
| 082 | 0 | 4 |
_a222.1106 _bHOI 1966 |
| 090 |
_aBS1235.3 _b.H66 1947 |
||
| 100 | 1 |
_aHooke, S. H. _q(Samuel Henry), _d1874-1968. _974844 |
|
| 245 | 1 | 0 |
_aIn the beginning / _cby S.H. Hooke. _nVOL. VI : _pOld Testament. |
| 260 |
_aOxford : _bClarendon Press, _c1947 [Reprinted 1966]. |
||
| 300 |
_aix, 166 p. : _bill. ; _c19 cm. |
||
| 490 | 1 |
_aClarendon Bible. Old Testament ; _vv. 6 |
|
| 650 | 7 |
_a Bible. -- Genesis -- Criticism, interpretation. _997483 |
|
| 830 | 0 |
_vv. 6 _997495 |
|
| 830 | 0 |
_aClarendon Bible. _997496 |
|
| 942 |
_2ddc _cBK |
||
| 999 |
_c32026 _d32026 |
||